000 00320nam a22001217a 4500
008 160429b xxu||||| |||| 00| 0 eng d
020 _a9780781716284
020 _a0781716284
041 _aeng
080 _a618.2
245 _aQualitative research in nursing:
_cHelena J. Streubert; Dona R. Carpenter;
942 _2udc
_cBK
999 _c1695
_d1695